LEADER 00952cam0-22003251i-450- 001 990007389600403321 005 20050412090245.0 035 $a000738960 035 $aFED01000738960 035 $a(Aleph)000738960FED01 035 $a000738960 100 $a20030204d1997----km-y0itay50------ba 101 0 $aita 102 $aIT 105 $ay-------001yy 200 1 $aFederalismo fiscale e Mezzogiorno$fa cura di Pasquale Catanoso$gpresentazione di Domenico Da Empoli 210 $aBari$cCacucci$d1997 215 $a287 p.$d25 cm 300 $aRelazioni presentate al Convegno tenuto a Reggio Calabria nel 1996 676 $a336.2050945$v20$zita 702 1$aCatanoso,$bPasquale 801 0$aIT$bUNINA$gRICA$2UNIMARC 901 $aBK 912 $a990007389600403321 952 $aVI L 1004$b5381$fDDA 952 $aF 264$bs.i.$fDSS 959 $aDDA 959 $aDSS 996 $aFederalismo fiscale e Mezzogiorno$9692240 997 $aUNINA LEADER 01202nam--2200337---450- 001 990003374900203316 005 20100301122239.0 035 $a000337490 035 $aUSA01000337490 035 $a(ALEPH)000337490USA01 035 $a000337490 100 $a20100301d2008----km-y0itay50------ba 105 $a||||||||001yy 200 1 $a<> competenze del giudice di pace in materia di immigrazione e sostanze stupefacenti 210 $aMilanofiori, Assago$cIpsoa$d2008 215 $aXV, 251 p.$d24 cm 225 2 $a<> giudice di pace$v12$iQuaderni 410 0$12001$a<> giudice di pace$v, 12$iQuaderni 606 0 $aImmigrazione clandestina [e] Stupefacenti$xCompetenze [del] Giudice di pace$2BNCF 676 $a347.45022 700 1$aSTANZIOLA,$bMaurizio$0602732 701 1$aPAGLIANO,$bAntonio$0602733 801 0$aIT$bsalbc$gISBD 912 $a990003374900203316 951 $aXXVII.1.B. 297$b61635 G.$cXXVII.1.B.$d00256132 959 $aBK 969 $aGIU 979 $aCHIARA$b90$c20100301$lUSA01$h1219 979 $aCHIARA$b90$c20100301$lUSA01$h1222 996 $aCompetenze del giudice di pace in materia di immigrazione e sostanze stupefacenti$91123150 997 $aUNISA